Catálogo
 En Linea

Christopher Columbus : (Registro nro. 33250)

Detalles MARC
000 -CABECERA
campo de control de longitud fija 00571nam a2200157 a 4500
001 - NÚMERO DE CONTROL
campo de control 000033759
005 - FECHA Y HORA DE LA ÚLTIMA TRANSACCIÓN
campo de control 20200930070509.0
008 - DATOS DE LONGITUD FIJA--INFORMACIÓN GENERAL
campo de control de longitud fija 110908s1940 xxubc 000 0 spa d
040 ## - FUENTE DE LA CATALOGACIÓN
Centro catalogador/agencia de origen DO-SdBNP
Lengua de catalogación spa
Centro/agencia transcriptor BNPHU
082 ## - NÚMERO DE LA CLASIFICACIÓN DECIMAL DEWEY
Número de clasificación xxxx
Número de documento/Ítem M178c
100 1# - ENTRADA PRINCIPAL--NOMBRE DE PERSONA
Nombre de persona Madariaga, Salvador de
Fechas asociadas al nombre 1886-1978
9 (RLIN) 32386
245 10 - MENCIÓN DE TÍTULO
Título Christopher Columbus :
Resto del título being the life of the very magnificent lord, Don Cristóbal Colón /
Mención de responsabilidad, etc. Salvador de Madariaga.
260 ## - PUBLICACIÓN, DISTRIBUCIÓN, ETC.
Lugar de publicación, distribución, etc. New York :
Nombre del editor, distribuidor, etc. The Macmillian Company,
Fecha de publicación, distribución, etc. 1940.
300 ## - DESCRIPCIÓN FÍSICA
Extensión xviii, 524 p. :
Otras características físicas maps., retr. ;
Dimensiones 25 cm.
504 ## - NOTA DE BIBLIOGRAFÍA, ETC.
Nota de bibliografía, etc. Bibliografía :p. 412-416
Existencias
Estado de retiro Estado de pérdida Restricciones de uso No para préstamo Código de colección Localización permanente Ubicación/localización actual Ubicación en estantería Fecha de adquisición Número de inventario Total de préstamos Signatura topográfica completa Código de barras Fecha visto por última vez Precio válido a partir de Tipo de ítem Koha Nota pública
      Excluido de préstamo Raros y valiosos General General En catalogación 08.09.2011 LF1   xxxx M178c 33759-10 25.06.2020 25.06.2020 No se presta Perteneció a la biblioteca personal de Julio Ortega Frier
      Excluido de préstamo Raros y valiosos General General En catalogación 08.09.2011 LF1   xxxx M178c 33759-20 25.06.2020 25.06.2020 No se presta  

Con tecnología Koha